000 00463nam a2200181Ia 4500
001 3151
005 20260306144859.0
008 260306t2016||||xx |||||||||||||| ||spa||
041 _aESP
082 _a261.4
_bM585
100 _aMüller, Gerhard Ludwing
_eAUT
245 0 _aInforme sobre la esperanza:
_bdiálogo con Carlos Granados
260 _c2016
300 _axiii, 238 páginas :
_c20 cm.
650 _aGEN
654 _aCHU
942 _cLIB
_dJUS
_fJUS
_2ddc
_n
999 _c3151
_d3151